000 00830nam a22001937a 4500
003 OSt
005 20190104072340.0
008 180312b xxu||||| |||| 00| 0 spa d
040 _cPJ
100 _9368
_aGargaglione de Yaryura Tobías, Elvira Lucía
245 1 3 _aEl cambio social :
_buna contribución a su estudio /
_cElvira Lucía Gargaglione de Yaryura Tobías.
260 _aBuenos Aires :
_bAbeledo-Perrot,
_c1980.
300 _a78 p.
_c23 cm.
500 _aBibliografía y notas a pie de página.
505 _aContenido: I. Los enfoques tradicionales -- II. La sociología como ciencia -- III. Construcción de un modelo científico para el estudio del cambio social -- IV. Algunas observaciones generalizadas.
650 0 _91912
_aCIENCIAS SOCIALES
650 0 _9247
_aSOCIOLOGIA
942 _2udc
_cLIB
_h316
_iGAR
999 _c323
_d323